| 000 -CABECERA |
| fixed length control field |
00821nam a22001937a 4500 |
| 003 - IDENTIFICADOR DEL NÚMERO DE CONTROL |
| control field |
AR-CdUCM |
| 008 - DATOS DE LONGITUD FIJA--INFORMACIÓN GENERAL |
| fixed length control field |
190416b ||||| |||| 00| 0 spa d |
| 040 ## - FUENTE DE LA CATALOGACIÓN |
| Agencia/entidad que catalogó originalmente la obra |
MUNICIPALIDAD PROVINCIAL DEL CUSCO |
| Entidad que transcribió la catalogación |
BIBLIOTECA MUNICIPAL DEL CUSCO |
| 082 ## - NÚMERO DE LA CLASIFICACIÓN DECIMAL DEWEY |
| No. de Clasificación |
636.084 / |
| Notacion interna |
SI56 |
| 100 ## - ENTRADA PRINCIPAL--NOMBRE DE PERSONA |
| Nombre Personal |
Simmons, N. O. |
| 245 ## - MENCIÓN DE TÍTULO |
| Título |
Tecnología de la Fabricación de Piensos Compuestos / |
| 260 ## - PUBLICACIÓN, DISTRIBUCIÓN, ETC. |
| Lugar de publicación, distribución, etc. |
Zaragoza-España : |
| Nombre de la editorial, distribuidor, etc. |
Acribia. |
| 300 ## - DESCRIPCIÓN FÍSICA |
| Nº de Páginas Extensión |
410 páginas ; |
| Dimensiones |
25cm |
| 505 ## - NOTA DE CONTENIDO CON FORMATO |
| Nota de contenido formateada |
Contenido: Principales materias primas utilizadas en la industria de la fabricación de piensos -- Entrada y manejo de materias primas -- Almacenamiento a granel de materias primas -- Entrada, almacenamiento y manejo de malezas... |
| 700 ## - PUNTO DE ACCESO ADICIONAL--NOMBRE DE PERSONA |
| Nombre Personal |
Pino Salgado, Manuel (traducción) |
| 9 (RLIN) |
32344 |
| 942 ## - ELEMENTOS DE PUNTO DE ACCESO ADICIONAL (KOHA) |
| Fuente de clasificación |
|
| Tipo de item |
Libros-BMC |
| 945 ## - PROCESAMIENTO DE INFORMACIÓN LOCAL (OCLC) |
| Catalogador |
nom |
| AAAA-MM-DD - Fecha de ingreso o modificacion |
2019-04-16 |